Spolupráca verejného a súkromného sektora v environmentálnej politike v cestovnom ruchu

Salvato in:
Dettagli Bibliografici
Autore principale: Plesník, Pavol, 1956-
Natura: Capitolo di libro
Lingua:slovacco
Soggetti:
Tags: Aggiungi Tag
Nessun Tag, puoi essere il primo ad aggiungerne!!

MARC

LEADER 00000naa$a2200000$$$4500
001 0068256
005 20240502071825.8
041 0 |a slo 
044 |a SK 
245 1 0 |a Spolupráca verejného a súkromného sektora v environmentálnej politike v cestovnom ruchu  |c Pavol Plesník 
500 |a Abstrakt 
610 2 0 |a ruch cestovný 
610 2 0 |a ochrana prostredia životného 
610 2 0 |a ekológia 
610 2 0 |a regióny 
610 2 0 |a samospráva 
610 2 0 |a rozvoj trvalo udržateľný 
100 1 |a Plesník, Pavol, 1956-